South Eastern Kenya University

Library Online Public Access Catalogue


Stanlake's introductory economics (Record no. 16726)

MARC details
000 -LEADER
fixed length control field 00528nam a22002057a 4500
003 - CONTROL NUMBER IDENTIFIER
control field OSt
005 - DATE AND TIME OF LATEST TRANSACTION
control field 20180523110849.0
008 - FIXED-LENGTH DATA ELEMENTS--GENERAL INFORMATION
fixed length control field 180523b ||||| |||| 00| 0 eng d
027 ## - STANDARD TECHNICAL REPORT NUMBER
Qualifying information 9780582405486
040 ## - CATALOGING SOURCE
Original cataloging agency SEKU
050 ## - LIBRARY OF CONGRESS CALL NUMBER
Classification number HB 171
Item number .G7
100 ## - MAIN ENTRY--PERSONAL NAME
Personal name Grant SJ
245 ## - TITLE STATEMENT
Title Stanlake's introductory economics
Statement of responsibility, etc. SJ Grant
250 ## - EDITION STATEMENT
Edition statement 7ed.
260 ## - PUBLICATION, DISTRIBUTION, ETC. (IMPRINT)
Place of publication, distribution, etc. Harlow :
Name of publisher, distributor, etc. Longman,
Date of publication, distribution, etc. 2000.
300 ## - PHYSICAL DESCRIPTION
Extent 646 p.:
Other physical details ill. ;
504 ## - BIBLIOGRAPHY, ETC. NOTE
Bibliography, etc include bibliographical references and index
650 ## - SUBJECT ADDED ENTRY--TOPICAL TERM
Topical term or geographic name as entry element Economics.
942 ## - ADDED ENTRY ELEMENTS (KOHA)
Source of classification or shelving scheme Library of Congress Classification
Koha item type General circulation
Holdings
Withdrawn status Lost status Source of classification or shelving scheme Damaged status Not for loan Home library Current library Shelving location Date acquired Source of acquisition Total Checkouts Full call number Barcode Date last seen Price effective from Koha item type
    Library of Congress Classification     Kitui Town Campus Library Kitui Town Campus Library General Stacks 23/05/2018 Donation - Book Aid   HB 171 .G7 2000 2018/020659 23/05/2018 23/05/2018 General circulation
Kitui, Kenya.
+254736116989
library@seku.ac.ke